| 000 | 00484nam a22001697a 4500 | ||
|---|---|---|---|
| 003 | NUST - PNEC | ||
| 005 | 20170116181037.0 | ||
| 008 | 150919b xxu||||| |||| 00| 0 eng d | ||
| 020 | _a8173194505 | ||
| 040 | _cLIBRARY | ||
| 082 | _a621.471 TIW | ||
| 100 |
_911473 _aTiwari, G. N. |
||
| 245 |
_aSolar energy : fundamentals, design, modelling and applications _cG. N. Tiwari |
||
| 260 | _cc.2002 | ||
| 650 |
_911474 _aSolar energy--Technological innovations _xME |
||
| 942 |
_2ddc _cBK |
||
| 999 |
_c67990 _d67990 |
||